[Event "Moscow op (Women) 17th"]
[Site "Moscow"]
[Date "2021.02.26"]
[Round "7"]
[White "Yusupova, Elina"]
[Black "Zagrebina, Marina"]
[Result "1-0"]
[WhiteElo "1575"]
[BlackElo "1382"]
[PlyCount "93"]
[EventDate "2021.02.20"]
[EventType "swiss"]
[EventRounds "9"]
[EventCountry "RUS"]
[SourceTitle "CBM 200 Extra"]
[Source "ChessBase"]
[SourceDate "2021.03.31"]
[SourceVersion "1"]
[SourceVersionDate "2021.03.31"]
[SourceQuality "1"]

1. c4 Nf6 2. Nc3 e6 3. e4 d5 4. cxd5 exd5 5. e5 Nfd7 6. d4 c6 7. Bd3 Be7 8. Nge2 Nb6 9. 0-0 0-0 10. Ng3 Na6 11. a3 Nc7 12. f4 f5 13. Na4 g6 14. Nc5 Nd7 15. b4 a5 16. Bd2 Nxc5 17. dxc5 Ne6 18. Ne2 b6 19. cxb6 Qxb6+ 20. Kh1 axb4 21. axb4 Bb7 22. Rb1 Ra3 23. Rf3 Ba6 24. Bc1 Rxd3 25. Rxd3 Bxd3 26. Qxd3 Ra8 27. Be3 Qa6 28. Qc2 Qa2 29. Rb2 Qa1+ 30. Bg1 Qa6 31. g4 Qa4 32. gxf5 Qxc2 33. Rxc2 gxf5 34. Rxc6 Nd8 35. Rb6 Ra4 36. Bc5 Bxc5 37. bxc5 Ra1+ 38. Kg2 Ra2 39. Kf3 Ra3+ 40. Kf2 Kf7 41. Rd6 Ne6 42. Rxd5 Ra5 43. Rd7+ Ke8 44. c6 Rc5 45. Rd6 Ke7 46. Ke3 Nd8 47. Nd4 1-0

[Event "Moscow op (Women) 17th"]
[Site "Moscow"]
[Date "2021.02.23"]
[Round "4"]
[White "Efimova, Darya"]
[Black "Yusupova, Elina"]
[Result "0-1"]
[WhiteElo "1364"]
[BlackElo "1575"]
[PlyCount "72"]
[EventDate "2021.02.20"]
[EventType "swiss"]
[EventRounds "9"]
[EventCountry "RUS"]
[SourceTitle "CBM 200 Extra"]
[Source "ChessBase"]
[SourceDate "2021.03.31"]
[SourceVersion "1"]
[SourceVersionDate "2021.03.31"]
[SourceQuality "1"]

1. e4 c5 2. b3 b6 3. Bb2 Bb7 4. Nc3 Nf6 5. Qe2 e6 6. f4 Be7 7. Nf3 d5 8. e5 Nfd7 9. 0-0-0 0-0 10. g4 Nc6 11. h4 a5 12. h5 d4 13. Ne4 a4 14. d3 Qc7 15. g5 Nb4 16. g6 h6 17. f5 Nxe5 18. f6 Bxf6 19. Nxf6+ gxf6 20. gxf7+ Kxf7 21. Bg2 Nxf3 22. Bxf3 Qf4+ 23. Kb1 Bxf3 24. Qf2 Qe3 25. Qg3 Bxd1 26. Qc7+ Kg8 27. Rxd1 axb3 28. axb3 Nd5 29. Qh2 Kf7 30. Qh4 Rg8 31. Qh2 Ra7 32. Qh1 Rh8 33. Qg2 Nc3+ 34. Bxc3 dxc3 35. Qg6+ Ke7 36. Qg7+ Kd6 0-1

[Event "Moscow op (Women) 16th"]
[Site "Moscow"]
[Date "2020.01.31"]
[Round "7"]
[White "Zvereva, Margarita"]
[Black "Yusupova, Elina"]
[Result "1-0"]
[WhiteElo "1727"]
[BlackElo "1500"]
[PlyCount "47"]
[EventDate "2020.01.25"]
[EventType "swiss"]
[EventRounds "9"]
[EventCountry "RUS"]
[SourceTitle "CBM 194 Extra"]
[Source "ChessBase"]
[SourceDate "2020.03.31"]
[SourceVersion "1"]
[SourceVersionDate "2020.03.31"]
[SourceQuality "1"]

1. d4 d6 2. e4 Nf6 3. Nc3 g6 4. Be3 Bg7 5. Qd2 0-0 6. Bh6 c6 7. 0-0-0 b5 8. f3 Qa5 9. Kb1 b4 10. Nce2 Be6 11. Nc1 Qb6 12. h4 a5 13. h5 Nbd7 14. g4 a4 15. Bxg7 Kxg7 16. hxg6 fxg6 17. Qh6+ Kg8 18. g5 Nh5 19. Rxh5 gxh5 20. Qxe6+ Kh8 21. Qxd7 c5 22. Qxe7 cxd4 23. e5 Rad8 24. Bd3 1-0